00649nam a2200181Ia 4500008004100000020001800041041000800059082001800067100002100085245003400106260002400140300000800164365001600172700002100188906006000209999001900269952017900288230718s9999 xx 000 0 und d a9789380836256 aeng a658.4'78bKUM aKumar P.9116792 aCommunication And Soft Skills c2010bCentrum Press a302 cRs.b995.00 aKumar P.9116792 dO:0154311-Feb-2011B:110110086803-Dec-2010cMGMTb248.75 c327213d327213 00104070aCCEPbCCEPd2010-02-11eVarma Book DistributorsfMGMTg746.25i1101100868l0o658.4'78pCCEP-BK-38420r2023-07-18 00:00:00t248.75v995.00w2010-12-03yBKz038420